000 00512nam a22001817a 4500
003 NUST - PNEC
005 20170116181204.0
008 160225b xxu||||| |||| 00| 0 eng d
020 _a9789698893095
040 _cLIBRARY
082 _a796.358 KHA
100 _916620
_aMahmood, Syed Khalid
245 _aAsian glory : cricket world cup 2011
_cSyed Khalid Mahmood
260 _aKarachi
_bJumbo Publishing
_cc.2011
300 _a162 p. :
650 _916622
_aWorld Cup (Cricket)
_xGeneral
942 _2ddc
_cBK
999 _c71584
_d71584